Central Library OPAC University of Rajshahi
Normal view MARC view

Entry Topical Term

Number of records used in: 2

001 - CONTROL NUMBER

  • control field: 17151

003 - CONTROL NUMBER IDENTIFIER

  • control field: BD-RjUL

005 - DATE AND TIME OF LATEST TRANSACTION

  • control field: 20251012140505.0

008 - FIXED-LENGTH DATA ELEMENTS

  • fixed length control field: 251012|| aca||aabn | a|a d

040 ## - CATALOGING SOURCE

  • Original cataloging agency: BD-RjUL
  • Transcribing agency: BD-RjUL

150 ## - HEADING--TOPICAL TERM

  • Topical term or geographic name entry element: অর্থনৈতিক উন্নয়ন
  • Geographic subdivision: বাংলাদেশ

670 ## - SOURCE DATA FOUND

  • Source citation: Work cat.: (BD-RjUL)85839: ইউসুফ, মনিরউদ্দীন 17148, বাংলাদেশের সার্বিক অগ্রগতির লক্ষে একটি প্রস্তাব